Electrical circuits
| Main Author: | Nagappan, K., Dr. |
|---|---|
| Other Authors: | Mohanram, K.R. |
| Published: |
Kumbakonam:
Anuradha Agencies Publishers,
1997.
|
| Subjects: |
| LEADER | 00539cam a2200157 7i4500 | ||
|---|---|---|---|
| 001 | 0000000680 | ||
| 005 | 20190430090000.0 | ||
| 090 | 0 | 0 | |a TK454 |b .N34 1994 |
| 100 | 1 | |a Nagappan, K., |c Dr. | |
| 245 | 1 | 0 | |a Electrical circuits |c Dr. K. Nagappan, Dr. K.R. Mohanram. |
| 260 | |a Kumbakonam: |b Anuradha Agencies Publishers, |c 1997. | ||
| 300 | |a 283 p.; |c 24 cm. | ||
| 650 | 0 | 0 | |a Electric circuits |
| 700 | 1 | |a Mohanram, K.R. | |
| 997 | |a Engineering & Life Sciences, Faculty |b Engineering, Department | ||
| 999 | |a 0000001443 |b BOK |c OPEN SHELF |e 2nd Floor, Bestari Jaya | ||